Modern nucleic acids-based electrochemical biosensors for health diagnostics and prevention

Guardado en:
Detalles Bibliográficos
Autor principal: Nemčeková, Katarína (Autor)
Otros Autores: Labuda, Ján (Orientador)
Formato: Manuscrito Libro
Lenguaje:eslovaco
inglés
Publicado: 2021
Materias:
Acceso en línea:http://is.stuba.sk/zp/portal_zp.pl?podrobnosti=145772
Etiquetas: Agregar Etiqueta
Sin Etiquetas, Sea el primero en etiquetar este registro!

MARC

LEADER 00000ntm a22000003a 4500
001 stuzp66198
003 SK-STU
005 20210828210345.4
007 ta
008 150427s2015----xo-----f-mn---000-0-slo-d
040 |a STU  |b slo 
041 0 |a eng 
100 1 |a Nemčeková, Katarína  |u 041000  |k Z2  |4 aut  |U FCHPT Fakulta chemickej a potravinárskej technológie  |T FCHPT Ústav analytickej chémie  |X 61172  |U C1000  |Y 99  |7 61172 
242 0 1 |a Moderné elektrochemické biosenzory na báze nukleových kyselín pre diagnostiku a prevenciu zdravia  |y slo 
245 1 0 |a Modern nucleic acids-based electrochemical biosensors for health diagnostics and prevention 
260 |c 2021 
650 4 |a elektrochemické biosenzory  |2 slo 
650 4 |a nukleové kyseliny  |2 slo 
650 4 |a interakcie DNA-liečivo  |2 slo 
650 4 |a detekcia mykotoxínov  |2 slo 
650 4 |a diagnostika biomarkerov  |2 slo 
650 4 |a DNA-drug interactions  |2 eng 
650 4 |a mycotoxins detection  |2 eng 
650 4 |a biomarkers diagnostics  |2 eng 
650 4 |a electrochemical biosensors  |2 eng 
650 4 |a nucleic acids  |2 eng 
700 1 |a Labuda, Ján  |u 041180  |k Z1  |4 ths  |U FCHPT Ústav analytickej chémie  |T FCHPT Oddelenie analytickej chémie  |X 3297  |U C1180  |Y 108  |7 A000003297 
856 4 |u http://is.stuba.sk/zp/portal_zp.pl?podrobnosti=145772